| 000 | 00692nam a22002417a 4500 | ||
|---|---|---|---|
| 008 | 130512b xxu||||| |||| 00| 0 eng d | ||
| 024 | _cAvailable | ||
| 037 | _cAvailable | ||
| 040 |
_aMBSTU LIBRARY _dMBSTU LIBRARY |
||
| 082 |
_222 _a425 HAH |
||
| 100 | _aHaque, Md. Fazlul | ||
| 245 | _aHow to read english newspapers | ||
| 250 | _a5th | ||
| 260 |
_aDhaka _bProfessor's Prokashon _c2004 |
||
| 300 |
_a21 cm. _b406 page _f20 _g21 cm. |
||
| 600 | _aGrammer of standard english | ||
| 650 | _2Grammer of standard english | ||
| 700 | _aHaque, Md. Fazlul | ||
| 270 |
_aDhaka _bDhaka _dBangladesh |
||
| 365 |
_b160.00 _d160.00 |
||
| 942 |
_2ddc _cBK |
||
| 999 |
_c354 _d354 |
||